<?xml version="1.0" encoding="UTF-8"?>
<record
    xmlns:xsi="http://www.w3.org/2001/XMLSchema-instance"
    xsi:schemaLocation="http://www.loc.gov/MARC21/slim http://www.loc.gov/standards/marcxml/schema/MARC21slim.xsd"
    xmlns="http://www.loc.gov/MARC21/slim">

  <leader>03582nam a22003257a 4500</leader>
  <controlfield tag="003">CSPC</controlfield>
  <controlfield tag="005">20260429161455.0</controlfield>
  <controlfield tag="007">ta</controlfield>
  <controlfield tag="008">250205s2020    ph a     mabs 000 0 eng  </controlfield>
  <datafield tag="040" ind1=" " ind2=" ">
    <subfield code="c">CSPC </subfield>
    <subfield code="a">CSPC </subfield>
    <subfield code="b">eng </subfield>
    <subfield code="e">rda</subfield>
  </datafield>
  <datafield tag="090" ind1=" " ind2=" ">
    <subfield code="a">UTH BSOA L113l 2020</subfield>
  </datafield>
  <datafield tag="100" ind1="1" ind2=" ">
    <subfield code="a">Labordo, Valerie R., </subfield>
    <subfield code="e">author. </subfield>
  </datafield>
  <datafield tag="245" ind1="1" ind2="4">
    <subfield code="a">The learning behavior of Bachelor of Science in Information technology students in Camarines Sur Polytechnic Colleges Buhi Campus / </subfield>
    <subfield code="c">Valerie R. Labordo, John Rolan C. Ramizares, and April L. Villadares.  </subfield>
  </datafield>
  <datafield tag="260" ind1=" " ind2=" ">
    <subfield code="a">Buhi, Camarines Sur : </subfield>
    <subfield code="b">Camarines Sur Polytechnic Colleges, </subfield>
    <subfield code="c">2020. </subfield>
  </datafield>
  <datafield tag="300" ind1=" " ind2=" ">
    <subfield code="a">vii, 86 leaves : </subfield>
    <subfield code="b">illustrations ; </subfield>
    <subfield code="c">28 cm. </subfield>
  </datafield>
  <datafield tag="336" ind1=" " ind2=" ">
    <subfield code="2">rdacontent</subfield>
    <subfield code="a">text</subfield>
  </datafield>
  <datafield tag="337" ind1=" " ind2=" ">
    <subfield code="2">rdamedia</subfield>
    <subfield code="a">unmediated</subfield>
  </datafield>
  <datafield tag="338" ind1=" " ind2=" ">
    <subfield code="2">rdacarrier</subfield>
    <subfield code="a">volume</subfield>
  </datafield>
  <datafield tag="502" ind1=" " ind2=" ">
    <subfield code="a">Undergraduate Thesis (BSOA)- Office Administration. </subfield>
    <subfield code="c">Camarines Sur Polytechnic Colleges, 2020. </subfield>
  </datafield>
  <datafield tag="504" ind1=" " ind2=" ">
    <subfield code="a">Includes bibliographical references. </subfield>
  </datafield>
  <datafield tag="520" ind1="3" ind2=" ">
    <subfield code="a">This study was conducted to determine the learning behavior of Bachelor of Science in Information Technology students in Camarines Sur Polytechnic Colleges Buhi Campus for the school year 2020-2021. Specifically, it sought to answer the following questions: What is the profile of the respondents in terms of Age, Sex and Monthly Income? The profile of the respondents along Age, Sex, Family Income in the previous semester. Age, out of 20 total number of the respondents, from third year students in Camarines Sur Polytechnic Colleges Buhi Campus 3 or 15% belongs to the age bracket of 18-19, 10 or 50% belongs to the age bracket of 20-21, five 5 or 30% percent belong to the age bracket of 22-23 and 1 or 5% belong to the age of ab. Sex, out of 20 total number of respondents, 15 or 75% belong to female. 5 or 25% percent are male over 25 years old, Family Income, out of 20 total number of the respondents, 7 or 35% percent belong to the family income bracket of below 5,000, 9 or 45% belongs to the family income bracket of 5,001-10,000 and 2 or 10% percent belong to the family income bracket of 10,001-15,000 pesos. What are the learning behaviors of the students in terms of: Physical, Affective, Cognitive and Physiological? The learning behavior of Bachelor of Science in Information Technology, Physical, data revealed that herein respondents, according to the physical study, had an average weighted mean of 2.84. Therefore, BSIT students of CSPC Buhi Campus experienced the effect of their learning behavior in terms of the sound, noise, light, temperature, design/settings and time of the day, through learning the students are able to motivated and sharpen their idea by thinking critically and creatively.
It will also enhance their participation by involving in all the activities in the room. Affective, data revealed that herein respondents, according to affective the study had an Average Weighted Mean of 3.15. Therefore, the students of BSIT performed better when they are motivated and they feel good when they make their parent/guardian proud when they do well in school. They are more interested in learning, and they are working on ways to excel in school as a result, they have better outcomes </subfield>
  </datafield>
  <datafield tag="700" ind1=" " ind2=" ">
    <subfield code="a">Ramizares, John Rolan C., </subfield>
    <subfield code="e">author. </subfield>
  </datafield>
  <datafield tag="700" ind1=" " ind2=" ">
    <subfield code="a">Villadares, April L., </subfield>
    <subfield code="e">author. </subfield>
  </datafield>
  <datafield tag="720" ind1=" " ind2=" ">
    <subfield code="a">Oliveros, Josefin N., </subfield>
    <subfield code="e">adviser. </subfield>
  </datafield>
  <datafield tag="720" ind1=" " ind2=" ">
    <subfield code="a">Lagatic, Alyssa DL., </subfield>
    <subfield code="e">panelist, chair.</subfield>
  </datafield>
  <datafield tag="720" ind1=" " ind2=" ">
    <subfield code="a">Visaya, Kristopher T., </subfield>
    <subfield code="e">panelist. </subfield>
  </datafield>
  <datafield tag="720" ind1=" " ind2=" ">
    <subfield code="a">Ta&#xF1;amor, Ma. Bernadette O., </subfield>
    <subfield code="e">panelist. </subfield>
  </datafield>
  <datafield tag="942" ind1=" " ind2=" ">
    <subfield code="2">ddc</subfield>
    <subfield code="n">0</subfield>
    <subfield code="c">UM</subfield>
    <subfield code="k">UTH </subfield>
    <subfield code="m">2020</subfield>
    <subfield code="h">L113l </subfield>
  </datafield>
  <datafield tag="952" ind1=" " ind2=" ">
    <subfield code="0">0</subfield>
    <subfield code="1">0</subfield>
    <subfield code="2">ddc</subfield>
    <subfield code="4">0</subfield>
    <subfield code="7">0</subfield>
    <subfield code="a">BUHI</subfield>
    <subfield code="b">BUHI</subfield>
    <subfield code="c">UTH</subfield>
    <subfield code="d">2024-09-16</subfield>
    <subfield code="l">0</subfield>
    <subfield code="o">UTH BSOA L113l 2020</subfield>
    <subfield code="p">00117UM-BUH</subfield>
    <subfield code="r">2025-02-05 00:00:00</subfield>
    <subfield code="t">1-1</subfield>
    <subfield code="w">2024-09-16</subfield>
    <subfield code="y">UM</subfield>
  </datafield>
  <datafield tag="999" ind1=" " ind2=" ">
    <subfield code="c">28726</subfield>
    <subfield code="d">28726</subfield>
  </datafield>
</record>
